| 000 | 00457nam a2200169 i 4500 | ||
|---|---|---|---|
| 001 | bg | ||
| 100 | 1 | _aFLORI, P. | |
| 245 | 0 |
_aStatisticeskaja mechanika cepnych molekul / _cP. Flori ; Perev. s angl. T. M. Birstejn [i in.]. |
|
| 260 |
_aMoskwa : _bIzdat. "Mir", _c1971. |
||
| 300 |
_as. 440 : _bilustr., tab. |
||
| 504 | _abibliogr. | ||
| 040 | _cBPK | ||
| 041 | _apol | ||
| 080 | _a539.19+541 | ||
| 942 | _cKS | ||
| 008 | s pl f |000 0 pol | ||
| 999 |
_c9214 _d9214 |
||
| 856 |
_uhttp://koha.tu.koszalin.pl/cgi-bin/koha/opac-detail.pl?biblionumber=9214 _yKatalog online BPK |
||